| 000 | 01118 a2200205 4500 | ||
|---|---|---|---|
| 001 | 37129 | ||
| 005 | 20260407155641.0 | ||
| 008 | 260407a1991 arg spa d | ||
| 003 | AR-UNSa-BCEJYS | ||
| 040 |
_aAR-UNSa-BCEJYS _bspa _cAR-UNSa-BCEJYS |
||
| 080 |
_a658.56 _xControl de la calidad. Control de herramientas y material |
||
| 245 | 1 | 0 |
_aEl control total de la calidad _pcomo estrategia de comercialización |
| 020 | _a958-653-017-5 | ||
| 264 | 1 |
_aColombia : _bLegis _c1991 |
|
| 300 |
_a350 p. _c24 cm. |
||
| 505 | _a1. Desarrollo integral y calidad - 2. Calidad y comercio interncional - 3. Integración, desarrollo y calidad - 4. Investigación sobre la calidad en el grupo andino - 5. Investigación y calidad en el mercado - 6. El control total de la calidad - 7. La calidad como modelo de gestión gerencial - 8. El sistema participativo en la gestión gerencial - 9. Calidad de diseño - 10. Calidad y análisis del valor - 11. La normzalización en la empresa - 12. Certificación y garantía de calidad. | ||
| 942 | _cBK | ||
| 590 | _aniveau_biblio:m niveau_hierar:0 | ||
| 100 | 1 | _aGomez Saavedra, Eduardo | |
| 999 |
_c2709 _d2709 |
||